1921 1015 1960 1122 1053 1327 1634 1527 1902 1695 1203 1376 1768 1780 1274 1826 1025 1340 1126 1084 1878 1991 1609 1626 1412 1726 1705 1312 1851 1970 1387 1320 1636 1399 1122 1943 1895 1511 1450 1014 1458 1478 1842 1636 1883 1818 1401 1683 1797 1799 1565 1920 1675 1963 1568 1988 1717 1189 1255 1250 1432 1407 1204 1870 1171 1922 1409 1195 1271 1209 1135 1866 1662 1410 1882 1053 1729 1146 1550 1935 1683 1458 1697 1176 1812 1807 1582 1800 1728 1160 1871 1922 1674 1533 1083 1946 1323 1859 1057 BCNSPRNW ULIB Ver.6.0+V

เปลี่ยนเป็นภาษาไทย

Change to English
 แสดงรายละเอียดบรรณานุกรม
  กลับหน้าหลัก

Brief Record : Get Marc (ISO 2709) : E-mail record : QR code < ปิดหน้าต่าง
LEADER : 00000nam 2200000uu 4500
001    13399126492
003     ULIB
008    020711s2017 th a 000 0 eng d
020    ^a9781119266662
060    ^aW50^bN634A
100    ^aNicola Cooper, Anna Frain, John Frain
245    ^aABC of Clinical Professionalism
260    ^aHoboken, NJ :^bWiley Blackwell,^c2017
300    ^a81 pages;^b30 cm
650    MESH:Professionalism
650    ^aPatient Care-ethics
650    ^aConfidentiality
760    ^aPart of the ABC Series series
945    ^p1232^l0^i004665
999    ^aประนอม เกษจรัล
รายการนี้ยังไม่มีแท็ก
คุณยังไม่ได้ล็อกอิน คุณสามารถมีกิจกรรมร่วมกับเว็บไซต์ได้ แต่ต้องล็อกอินก่อน ::
  ล็อกอิน

รายการสื่อสารสนเทศ

ลำดับที่ ประเภท เลขเรียก/บาร์โค้ด สถานที่ สถานะ
1. วิทยาศาสตร์การแพทย์ และสุขภาพ
หนังสือสำรอง
สถานะ=หนังสือสำรอง
W50 N634A ฉ.1 
  Barcode: 004665
ห้องสมุดวิทยาเขตสวรรค์ประชารักษ์
►หนังสือทั่วไป
บนชั้น

รายการใกล้เคียง
    ชื่อเรื่อง [ABC of Clinical Professionalism]

    ผู้แต่ง [Nicola Cooper, Anna Frain, John Frain]

    หัวเรื่อง [MESH:Professionalism]
    หัวเรื่อง [Patient Care-ethics]
    หัวเรื่อง [Confidentiality]

BibComment


ยังไม่เคยถูกคอมเมนท์

คอมเมนท์ทรัพยากรรายการนี้
  คอมเมนท์: ABC of Clinical ..


 Copyright 2026. Bcnsprnw @Library